000 01010nam a2200313 i 4500
001
003 DO-SdBNP
005 20250311084859.0
007 ta
008 091105s2018 dr 001 j spa d
020 _a9789945168808
040 _aDO-SdBNP
_bspa
_cBNPHU
_erda
041 _aspa
082 4 _aRD863.5
_bS237s
_222
100 1 _aSantos García, Eladio de los,
_d1973-
_eautor
_4aut.
_928675
245 1 3 _aEl sueño engendra... /
_cEladio de los Santos García.
250 _aPrimera edición
264 1 _aSanto Domingo, República Dominicana :
_bEditora Búho,
_c2018.
300 _a297 páginas ;
_c23 cm.
336 _atexto
_btxt
_2rdacontent
337 _asin mediación
_bn
_2rdamedia
338 _avolumen
_bnc
_2rdacarrier
500 _aIncluye datos biográficos del autor en las solapas
590 _aInventariado, 2021/VM
650 4 _aCuentos dominicanos
_9176
650 4 _aLiteratura dominicana
_977695
910 _aVMateo/Validado. Control de calidad MFF
942 _2ddc
_cLBS1
999 _c49333
_d49333